[Event "Tunis op"]
[Site "Tunis"]
[Date "1997.??.??"]
[Round "6"]
[White "Antunes, Antonio"]
[Black "Hamdouchi, Hichem"]
[Result "1/2-1/2"]
[WhiteElo "2490"]
[BlackElo "2535"]

1.Nf3 c5 2.c4 Nf6 3.g3 b6 4.Bg2 Bb7 5.O-O e6 6.Nc3 a6 7.d4 cxd4 8.Qxd4 d6
9.Rd1 Nbd7 10.Ng5 Bxg2 11.Kxg2 Rc8 12.Nge4 Rc6 13.Bg5 Be7 14.Bxf6 Nxf6 15.b3 O-O
16.a4 Qc7 17.Qd3 Rc8 18.Na2 Qb7 19.Qf3 Nxe4 20.Qxe4 R6c7  1/2-1/2

[Event "JUG Cup"]
[Site "Ulcinj"]
[Date "1997.??.??"]
[Round "?"]
[White "Paunovic, Dragan"]
[Black "Biljanic, Ljubomir"]
[Result "1-0"]
[WhiteElo "2495"]
[BlackElo "2185"]

1.Nf3 Nf6 2.c4 e6 3.g3 b6 4.Bg2 Bb7 5.O-O c5 6.Nc3 Be7 7.d4 Ne4 8.Nxe4 Bxe4
9.d5 exd5 10.cxd5 O-O 11.Nd2 Bxg2 12.Kxg2 d6 13.a4 Nd7 14.Nc4 a6 15.Bf4 Qc7
16.Qb3 Rfe8 17.e4 Bf8 18.Rfe1 Rab8 19.Qf3 Ra8 20.Ne3 f6 21.h4 g6 22.Ng4 Qd8
23.h5 g5 24.Bd2 Bg7 25.h6 Bf8 26.Bc3 Be7 27.Qf5 Ne5 28.Bxe5 fxe5 29.Qe6+ Kh8
30.Qf7 Rg8 31.Re3 Qe8 32.Rf3 Qxf7 33.Rxf7 Rae8 34.Ra3 Rgf8 35.Raf3 Rxf7 36.Rxf7 b5
37.axb5 axb5 38.Kf1 Kg8 39.Rg7+ Kh8 40.Ke2 Bd8 41.Rb7 Kg8 42.Ne3 Re7 43.Rxb5 Kf7
44.Nf5 Rd7 45.Kd3 Be7 46.Rb6 Bf8 47.Kc4 g4 48.Kb5 Kg6 49.Kc6 Rf7 50.Nxd6 Rf3
51.Nf5 Rxf5 52.exf5+ Kxf5 53.d6 Bxh6 54.d7 Bg5 55.Kd5 h5 56.Re6  1-0

[Event "CHI-ch"]
[Site "Vina del Mar"]
[Date "1997.??.??"]
[Round "11"]
[White "Rivera, Guillermo"]
[Black "Letelier, Rene"]
[Result "1-0"]
[WhiteElo "2135"]
[BlackElo "2205"]

1.c4 e6 2.Nf3 Nf6 3.g3 b6 4.Bg2 Bb7 5.O-O c5 6.b3 Be7 7.Bb2 O-O 8.Nc3 d6
9.d3 a6 10.e4 Nbd7 11.Qe2 Qc7 12.Nd2 Bc6 13.f4 Qb7 14.g4 Rfd8 15.g5 Ne8 16.Qg4 Qc8
17.Rae1 Ra7 18.Nf3 Nf8 19.f5 e5 20.Qg3 Kh8 21.h4 b5 22.h5 f6 23.h6 Rdd7 24.hxg7+ Nxg7
25.Bc1 Bd8 26.Kf2 Rdc7 27.Rh1 b4 28.Nd5 Bxd5 29.cxd5 Qd7 30.Rh6 Nxf5 31.exf5 Qxf5
32.Re4 Rg7 33.Bh3 Qxe4 34.dxe4 fxg5 35.Bf5  1-0

[Event "VAM Hoogeveen op"]
[Site "Wijk aan Zee"]
[Date "1997.??.??"]
[Round "8"]
[White "Bosboom, Manuel"]
[Black "De Vreugt, Dennis"]
[Result "1-0"]
[WhiteElo "2430"]
[BlackElo "2295"]

1.c4 c5 2.Nf3 b6 3.g3 Bb7 4.Bg2 Nf6 5.O-O e6 6.Nc3 a6 7.Re1 d6 8.e4 Be7 9.d4 cxd4
10.Nxd4 Qc7 11.Be3 O-O 12.Rc1 Nbd7 13.f4 Rfe8 14.f5 Bf8 15.fxe6 fxe6 16.Bh3 Nc5
17.b4 Ncxe4 18.Nxe4 Nxe4 19.Nxe6 Qd7 20.Nf4 Qf7 21.Nd5 b5 22.Rf1 Nf6 23.Bd4 bxc4
24.Nxf6+ gxf6 25.Rxf6 Qd5 26.Qg4+ Bg7 27.Rf8+  1-0

[Event "Wuerttemberg-ch"]
[Site "Willsbach"]
[Date "1997.??.??"]
[Round "5"]
[White "Gritsch, Gabriel"]
[Black "Wartlick, Karl"]
[Result "1-0"]
[WhiteElo "2050"]
[BlackElo "2035"]

1.Nf3 Nf6 2.c4 e6 3.g3 b6 4.Bg2 Bb7 5.O-O c5 6.Nc3 Be7 7.Re1 d6 8.e4 Nbd7
9.d4 cxd4 10.Nxd4 Qb8 11.f4 Qc8 12.e5 dxe5 13.fxe5 Ng8 14.Bxb7 Qxb7 15.Ncb5 a6
16.Nd6+ Bxd6 17.exd6 Ngf6 18.b4 O-O 19.Ba3 Rfc8 20.Rc1 b5 21.c5 Nb8 22.Bb2 Qd5
23.a3 Ne4 24.Qg4 Nf6 25.Qe2 Nc6 26.Nxc6 Rxc6 27.Bxf6 gxf6 28.Rcd1 Qf5 29.Rf1 Qg5
30.Qf3 Rcc8 31.c6 f5 32.c7 Ra7 33.d7 Raxc7 34.dxc8=Q+ Rxc8 35.Rd6 Rc2 36.Qf4 Qh5
37.Rd8+ Kg7 38.Qd4+ f6 39.Rd7+ Kg6 40.Qh4 Qxh4 41.gxh4  1-0

[Event "Wuerttemberg-ch"]
[Site "Willsbach"]
[Date "1997.??.??"]
[Round "9"]
[White "Gritsch, Gabriel"]
[Black "Maurischat, Philipp"]
[Result "1-0"]
[WhiteElo "2050"]
[BlackElo "2035"]

1.Nf3 Nf6 2.c4 e6 3.g3 b6 4.Bg2 Bb7 5.O-O c5 6.b3 Be7 7.Bb2 O-O 8.e3 Nc6
9.Qe2 d5 10.Nc3 dxc4 11.bxc4 Qc7 12.d3 Rfd8 13.Ng5 Nb4 14.Bxb7 Qxb7 15.Rad1 h6
16.Nh3 Nc6 17.f4 a6 18.g4 b5 19.g5 hxg5 20.fxg5 Ne8 21.g6 f5 22.Nf4 Qd7 23.Rf3 Bf6
24.Rh3 b4 25.Qh5 Kf8 26.Ncd5 exd5 27.Qh8+ Ke7 28.Bxf6+ Kxf6 29.d4 cxd4 30.exd4 Ke7
31.Nxd5+ Kd6 32.Qf8+ Ne7 33.Re3 Nc7 34.Qxe7+ Qxe7 35.Nxe7 Rf8 36.c5+ Kd7
37.d5 Rf6 38.d6 Nb5 39.c6+ Kd8 40.c7+  1-0

[Event "Wuerzburg op"]
[Site "Wuerzburg"]
[Date "1997.??.??"]
[Round "6"]
[White "Ivanov, Mikhail M"]
[Black "Mahn, Franko"]
[Result "1-0"]
[WhiteElo "2500"]
[BlackElo "2170"]

1.Nf3 Nf6 2.c4 e6 3.g3 b6 4.Bg2 Bb7 5.O-O c5 6.Nc3 Be7 7.Re1 d6 8.e4 Nbd7
9.d4 cxd4 10.Nxd4 a6 11.e5 dxe5 12.Bxb7 exd4 13.Bxa8 dxc3 14.Bb7 cxb2 15.Bxb2 a5
16.Qf3 O-O 17.Rad1 Qc7 18.Qc6 Qxc6 19.Bxc6 Nc5 20.Be5 Rc8 21.Bd6 Kf8 22.Bb5 Nfe4
23.Bxe7+ Kxe7 24.Rd4 Nd6 25.Red1 Nf5 26.R4d2 f6 27.Kg2 Nh6 28.Rd6 Rb8 29.Rc6 Nf7
30.Rc7+ Kf8 31.f4 Nd8 32.Kf3 Nf7 33.Ra7 Rc8 34.Rd2 Kg8 35.Bc6  1-0

[Event "DEN-chT 9798"]
[Site "Denmark"]
[Date "1998.01.11"]
[Round "4"]
[White "Bang, Andreas"]
[Black "Larsen, Steen Skovlund"]
[Result "1/2-1/2"]
[WhiteElo "2280"]
[BlackElo "2305"]

1.Nf3 Nf6 2.c4 e6 3.g3 b6 4.Bg2 Bb7 5.O-O c5 6.Nc3 a6 7.d4 cxd4 8.Qxd4 Nc6
9.Qf4 d6 10.Rd1 Qc7 11.b3 Be7 12.Ba3 Rd8 13.Qc1 Na7 14.Nd2 Bxg2 15.Kxg2 O-O
16.Nde4 Ne8 17.f3 Qb7 18.Qf4 Nc8 19.Nf2 Nf6 20.Nfe4 Nxe4 21.Nxe4 d5 22.Bxe7 Nxe7
23.cxd5 Nxd5 24.Qd2 Rd7 25.Nc3 Nf6 26.Qf4 Rc7 27.Rac1 Rc5  1/2-1/2

[Event "CRO-ch06"]
[Site "Pula"]
[Date "1998.01.17"]
[Round "8"]
[White "Dizdar, Goran"]
[Black "Zelcic, Robert"]
[Result "1-0"]
[WhiteElo "2530"]
[BlackElo "2540"]

1.Nf3 Nf6 2.c4 e6 3.g3 b6 4.Bg2 Bb7 5.O-O c5 6.b3 Be7 7.Bb2 O-O 8.Nc3 d5
9.e3 Nc6 10.cxd5 Nxd5 11.Nxd5 exd5 12.d4 Bf6 13.Qd2 a5 14.dxc5 Bxb2 15.Qxb2 bxc5
16.Rfd1 a4 17.bxa4 Ra7 18.Rac1 Qa8 19.Rxc5 Rxa4 20.Qb1 h6 21.Rd2 Na5 22.Rb5 Bc6
23.Rb4 Rxb4 24.Qxb4 d4 25.Rxd4 Rb8 26.Qd2 Rb1+ 27.Ne1 Rxe1+ 28.Qxe1 Bxg2
29.Ra4 Bf3 30.Rxa5 Qc8 31.e4 Qh3 32.Qf1 Qg4 33.Ra8+ Kh7 34.Ra3 Bxe4 35.Re3 f5
36.Qe2 Qg6 37.f3 Bd5 38.Re5 Bb7 39.Re7 Bd5 40.Re5 Qb6+ 41.Kg2 Qd4 42.Rxf5 Bc4
43.Rf4  1-0

[Event "Budapest FS03 IM"]
[Site "Budapest"]
[Date "1998.03.07"]
[Round "1"]
[White "Bordas, Gyula"]
[Black "Dudas, Janos"]
[Result "0-1"]
[WhiteElo "2165"]
[BlackElo "2405"]

1.c4 e6 2.Nf3 Nf6 3.g3 b6 4.Bg2 Bb7 5.O-O c5 6.Nc3 d6 7.b3 Nbd7 8.Bb2 a6
9.Rc1 Be7 10.d4 cxd4 11.Qxd4 O-O 12.Rfd1 Rc8 13.e4 Qc7 14.Ba3 Nc5 15.e5 Nxb3
16.axb3 dxe5 17.Qxe5 Bxa3 18.Qxc7 Rxc7 19.Rc2 Bb4 20.Ne5 Bxg2 21.Kxg2 Rcc8
22.Na4 b5 23.Nb6 Rc7 24.Ra2 bxc4 25.Nbxc4 a5 26.Nxa5 Nd5 27.Rd3 Bc3 28.Nec6 Bxa5
29.Nxa5 Nb4 30.Rad2 Nxd3 31.Rxd3 h6 32.Kf3 Rb8 33.Ke3 Rc2 34.Nc4 g5 35.h3 Kg7
36.g4 Rb5 37.Kf3 Kf6 38.Ke3 Rd5 39.Nd2 Re5+ 40.Ne4+ Kg6 41.f4 Ra5 42.Nd2 Raa2
43.fxg5 hxg5 44.Nf3 Ra5 45.Nd4 Rh2 46.Nf3 Rxh3 47.Kd2 Rh1 48.b4 Rb5 49.Rb3 Rf1
50.Nd4 Rd5 51.Ke3 Rg1 52.b5 Rxg4 53.Nf3 Ra4 54.b6 Ra8 55.Nd4 Rb8 56.b7 Rd7  0-1

[Event "DEN-chT 9798"]
[Site "Denmark"]
[Date "1998.03.14"]
[Round "6"]
[White "Holst, Allan"]
[Black "Larsen, Steen Skovlund"]
[Result "1-0"]
[WhiteElo "2305"]
[BlackElo "2305"]

1.c4 Nf6 2.Nf3 e6 3.g3 b6 4.Bg2 Bb7 5.O-O c5 6.Nc3 a6 7.Re1 d6 8.e4 Nbd7
9.d4 cxd4 10.Nxd4 Qc7 11.f4 Qxc4 12.Be3 Nc5 13.Bf1 Qb4 14.Nc2 Qxb2 15.Bd4 e5
16.Rb1 Qxb1 17.Qxb1 exd4 18.Nxd4 Nfd7 19.Nd5 Bxd5 20.exd5+ Kd8 21.Qf5  1-0

[Event "Czerniak mem 14th"]
[Site "Tel Aviv"]
[Date "1998.04.09"]
[Round "1"]
[White "Zifroni, Dov"]
[Black "Kaspi, Alexander"]
[Result "1/2-1/2"]
[WhiteElo "2500"]
[BlackElo "2525"]

1.Nf3 Nf6 2.c4 b6 3.g3 Bb7 4.Bg2 c5 5.O-O e6 6.Nc3 Be7 7.d4 cxd4 8.Qxd4 d6
9.b3 Nbd7 10.Rd1 a6 11.e4 Qc7 12.Ba3 Nc5 13.e5 dxe5 14.Qxe5 Rc8 15.Bc1 Qxe5
16.Nxe5 Bxg2 17.Kxg2 Nfe4 18.Nxe4 Nxe4 19.Be3 Nc5 20.Rac1 f6 21.Nd3 Kf7 22.Nxc5 bxc5
23.Rd7 Rhd8 24.Ra7 Rc6 25.Rc2 e5 26.Rd2 Rxd2 27.Bxd2 Ke6 28.f4 exf4 29.Bxf4 h5
30.Kf2 g6 31.Ke2 Bd8 32.Kd3 g5 33.Be3 Bc7 34.a3 Kf5 35.b4 cxb4 36.axb4 Kg4
37.Bd4 Be5 38.c5 Kh3 39.Bxe5 fxe5 40.Ke4 Kxh2 41.Kd5 Rc8 42.Rxa6 Rd8+ 43.Rd6 Re8
44.Ke4 Rb8 45.Rb6 Rc8 46.Rh6 h4 47.gxh4 g4 48.Kxe5 Rb8 49.c6 Rxb4 50.c7 Rc4
51.Kd6 g3 52.Rg6 g2 53.h5 Rc3 54.h6 Rd3+ 55.Kc6 Rc3+ 56.Kd6 Rd3+ 57.Kc6 Rc3+
58.Kb6 Rg3 59.Rxg3 Kxg3 60.c8=Q g1=Q+ 61.Qc5 Qb1+ 62.Qb5 Qg6+ 63.Qc6 Qb1+
64.Ka7 Qh7+ 65.Ka6 Kg4  1/2-1/2

[Event "Mar del Plata op"]
[Site "Mar del Plata"]
[Date "1998.04.11"]
[Round "8"]
[White "Arambel, Sergio"]
[Black "Giardelli, Sergio C"]
[Result "1/2-1/2"]
[WhiteElo "2225"]
[BlackElo "2440"]

1.Nf3 c5 2.g3 b6 3.Bg2 Bb7 4.O-O Nf6 5.c4 e6 6.Nc3 Be7 7.Re1 d5 8.cxd5 exd5
9.d4 O-O 10.Bf4 Na6 11.Rc1 Re8 12.Qa4 Nc7 13.dxc5 bxc5 14.Red1 Ne6 15.Ne5 Qb6
16.Nxd5 Nxd5 17.Bxd5 Bxd5 18.Rxd5 Qxb2 19.Rc2 Qb1+ 20.Rc1 Qb2 21.Rc2 Qb6
22.Be3 Rec8 23.Rd7 Rc7 24.Rxc7 Qxc7 25.Nd3 h5 26.Nf4 Nxf4 27.Bxf4 Qb7 28.Rd2 Bf6
29.Rd7 Qb1+ 30.Kg2 Re8 31.Rc7 Rxe2 32.Qc4 Qe4+ 33.Qxe4 Rxe4 34.Rxc5 Re2 35.Be3 Rxa2
36.Rxh5 a5 37.Rc5 a4 38.Ra5 Ra1 39.h4 g6 40.Kf3 a3 41.Bc5 Bb2 42.Kg2 Kg7
43.g4 Kf6  1/2-1/2

[Event "Dreifluesse op"]
[Site "Passau"]
[Date "1998.04.12"]
[Round "5"]
[White "Dunsbach, Ralf"]
[Black "Schoene, Ralf"]
[Result "0-1"]
[WhiteElo "2225"]
[BlackElo "2420"]

1.Nf3 Nf6 2.g3 b6 3.Bg2 Bb7 4.O-O c5 5.c4 e6 6.Nc3 Be7 7.b3 O-O 8.Bb2 d6
9.e3 Nbd7 10.Qe2 Rc8 11.Rfd1 Qc7 12.Rac1 Qb8 13.d4 cxd4 14.Nxd4 Bxg2 15.Kxg2 a6
16.h3 Rfe8 17.e4 Bf8 18.Qd2 Nc5 19.f3 Ncd7 20.Nde2 b5 21.cxb5 axb5 22.Qd3 b4
23.Na4 d5 24.exd5 Nxd5 25.Bd4 N7f6 26.Bf2 e5 27.Rxc8 Rxc8 28.Rc1 Re8 29.Ng1 h6
30.Rc2 h5 31.h4 Qb7 32.Qc4 Ng4 33.Qc6 Nge3+ 34.Bxe3 Nxe3+ 35.Kh1 Qb8 36.Rf2 Nf5
37.Ne2 g6 38.Kh2 Rc8 39.Qe4 Bh6 40.Ng1 Be3 41.Rf1 Qd6 42.Re1 Bf2  0-1

[Event "GRE-chT"]
[Site "Poros"]
[Date "1998.04.23"]
[Round "5"]
[White "Tsarouhas, Konstantinos"]
[Black "Angelopoulos, Georgios"]
[Result "1-0"]
[WhiteElo "2265"]
[BlackElo "2060"]

1.c4 e6 2.Nf3 Nf6 3.g3 b6 4.Bg2 Bb7 5.O-O c5 6.Nc3 Be7 7.Re1 d5 8.cxd5 exd5
9.d4 O-O 10.b3 Ne4 11.Bb2 Bf6 12.Rc1 Nd7 13.e3 Rc8 14.Ne2 b5 15.Ne5 Bxe5
16.dxe5 c4 17.Qd4 Ndc5 18.Nf4 Qd7 19.Red1 Rfd8 20.e6 fxe6 21.b4 Nd3 22.Nxd3 cxd3
23.Rxc8 Rxc8 24.Qxd3 Qc7 25.Rc1 Qxc1+ 26.Bxc1 Rxc1+ 27.Bf1 Bc6 28.f3 Nc3
29.Qd2 Nxa2 30.Qxa2 Rc3 31.Qxa7 h6 32.Bxb5 Bxb5 33.Qb8+  1-0

[Event "GRE-chT"]
[Site "Poros"]
[Date "1998.04.24"]
[Round "7"]
[White "Skembris, Spyridon"]
[Black "Papaioannou, Ioannis"]
[Result "1/2-1/2"]
[WhiteElo "2490"]
[BlackElo "2490"]

1.Nf3 Nf6 2.c4 c5 3.g3 b6 4.Bg2 Bb7 5.O-O e6 6.b3 Be7 7.Bb2 O-O 8.Nc3 a6
9.Re1 d6 10.Qc2 Nbd7 11.a4 Qc7 12.e4 Ne5 13.Rad1 Nfd7 14.d4 Nxf3+ 15.Bxf3 cxd4
16.Rxd4 f5 17.Bg2 f4 18.Red1 Ne5 19.Ba3 Rf6 20.Bxd6 Bxd6 21.Rxd6 Raf8 22.Qd2 fxg3
23.fxg3 Nf3+ 24.Bxf3 Rxf3 25.Rd8 Qc5+ 26.Kh1 b5 27.Rxf8+ Rxf8 28.axb5 axb5
29.cxb5 Rc8 30.Qe1 Qxc3 31.Rd8+ Kf7 32.Rd7+ Kg6 33.Qe2 h5 34.Kg2 Qc2 35.Qxc2 Rxc2+
36.Kf3 Bc8 37.Rd8 e5 38.Ke3 Rc3+ 39.Kd2 Rc7 40.Rd6+ Kf7 41.b6 Re7 42.Rd8 Bb7
43.Ke3 Ke6 44.b4 Rd7 45.Re8+ Kf6 46.Rb8 Ke6 47.b5 Kf7 48.Rh8 Kg6 49.Rb8 Kf6
50.h3 Ke6 51.Re8+ Kd6 52.Rh8 Re7 53.Rxh5 Kc5 54.Rh7 Kxb6 55.h4 Kc5 56.h5 Kd6
57.g4 Ke6 58.g5 Kf7 59.Rh8 Re8 60.Rxe8 Kxe8  1/2-1/2

[Event "POR-chT"]
[Site "Lisboa"]
[Date "1998.05.01"]
[Round "1"]
[White "Frois, Antonio"]
[Black "Santos, Carlos P"]
[Result "1/2-1/2"]
[WhiteElo "2385"]
[BlackElo "2400"]

1.Nf3 Nf6 2.c4 e6 3.g3 b6 4.Bg2 Bb7 5.O-O c5 6.Nc3 Be7 7.d4 cxd4 8.Qxd4 d6
9.Rd1 a6 10.b3 Nbd7 11.e4 Qc7 12.Ba3 Nc5 13.e5 dxe5 14.Qxe5 Rc8 15.Qxc7 Rxc7
16.Ne5 Bxg2 17.Kxg2 Nce4 18.Bxe7 Kxe7 19.Nxe4 Nxe4 20.Rd4 Nc5 21.Rad1 f6
22.Nf3 e5 23.Rd5 Ne6 24.Rd6 Rb8 25.h4 h5 26.Kf1 Nc5 27.Ne1 Ne4 28.R6d3 b5
29.Re3 Nd6 30.cxb5 axb5 31.Nd3 Nf5 32.Ree1 b4 33.Nf4 Rc2 34.Nd5+ Kf7 35.Re2 Rxe2
36.Kxe2 Nd4+ 37.Kd3 Ke6 38.Ne3 Ra8 39.Rd2 Nf3 40.Rb2 Nd4 41.Kc4 Rb8 42.Rd2  1/2-1/2

[Event "POR-chT"]
[Site "Lisboa"]
[Date "1998.05.03"]
[Round "3"]
[White "Antunes, Antonio"]
[Black "Gaspar, Artur"]
[Result "1-0"]
[WhiteElo "2495"]
[BlackElo "2225"]

1.Nf3 c5 2.c4 Nf6 3.g3 b6 4.Bg2 Bb7 5.O-O e6 6.Nc3 Be7 7.d4 cxd4 8.Qxd4 d6
9.Rd1 a6 10.b3 Nbd7 11.e4 O-O 12.Ba3 Nc5 13.e5 dxe5 14.Qxd8 Rfxd8 15.Nxe5 Bxg2
16.Kxg2 Bf8 17.Bxc5 bxc5 18.Na4 Rd6 19.Kf3 g6 20.g4 g5 21.Ke3 Kg7 22.f3 Ra7
23.Ke2 Ne8 24.h3 f5 25.Nd3 Rc6 26.Ne5 Rd6 27.Rxd6 Bxd6 28.Nd3 Rc7 29.Rg1 Kf6
30.Nc3 h6 31.gxf5 Kxf5 32.Ne4 Be5 33.Nxe5 Kxe5 34.Rd1 Rc6 35.Rd7 Nf6 36.Nxf6 Kxf6
37.Ke3 h5 38.Rd8 Kf5 39.Rh8 Kg6 40.Rg8+ Kf5 41.Rd8 h4 42.Rf8+ Ke5 43.f4+ gxf4+
44.Rxf4 Rd6 45.Rxh4 Rd1 46.Rh5+ Kd6 47.Rg5 Rh1 48.Rg3 Rh2 49.Kf4 Rf2+ 50.Kg5 e5
51.h4 e4 52.h5 Ke5 53.h6 Rh2 54.Rg1 e3 55.Kg6 e2 56.h7 Ke4 57.Kg7 Kf3 58.h8=Q Rxh8
59.Kxh8 Kf2 60.Rb1 e1=Q 61.Rxe1 Kxe1 62.b4 cxb4 63.c5 a5 64.c6 a4 65.c7 b3
66.c8=Q  1-0

[Event "Villa Martelli"]
[Site "Villa Martelli"]
[Date "1998.05.23"]
[Round "5"]
[White "Scarella, Enrique"]
[Black "Ginzburg, Maximiliano"]
[Result "1/2-1/2"]
[WhiteElo "2380"]
[BlackElo "2470"]

1.Nf3 Nf6 2.c4 c5 3.g3 b6 4.Bg2 Bb7 5.O-O e6 6.Nc3 Be7 7.d4 cxd4 8.Qxd4 a6
9.Rd1 O-O 10.Bg5 h6 11.Bxf6 Bxf6 12.Qd2 Qc7 13.Rac1  1/2-1/2

[Event "Budapest FS06 GM"]
[Site "Budapest"]
[Date "1998.06.07"]
[Round "2"]
[White "Csom, Istvan"]
[Black "Stocek, Jiri"]
[Result "0-1"]
[WhiteElo "2460"]
[BlackElo "2450"]

1.Nf3 Nf6 2.g3 b6 3.Bg2 Bb7 4.O-O c5 5.c4 e6 6.Nc3 Be7 7.d4 cxd4 8.Qxd4 d6
9.Rd1 a6 10.Ng5 Bxg2 11.Kxg2 Nc6 12.Qf4 O-O 13.Nge4 Ne8 14.b3 Ra7 15.f3 h6
16.Qe3 Rd7 17.Ba3 Qb8 18.Rac1 b5 19.Nb1 b4 20.Bb2 Rd8 21.f4 Qa8 22.Qf3 d5
23.cxd5 exd5 24.Nf2 Nf6 25.Ng4 Nxg4 26.Qxg4 d4 27.Qf3 Rd6 28.Nd2 d3 29.Nc4 Re6
30.Rxd3 Rxe2+ 31.Kh1 Re8 32.Nb6 Qb7 33.Qxe2 Qxb6 34.Qf3 Nd8 35.f5 Bg5 36.Rcd1 Nb7
37.h4 Bd8  0-1

[Event "Budapest FS06 GM"]
[Site "Budapest"]
[Date "1998.06.17"]
[Round "12"]
[White "Csom, Istvan"]
[Black "Bunzmann, Dimitrij"]
[Result "1/2-1/2"]
[WhiteElo "2460"]
[BlackElo "2390"]

1.Nf3 e6 2.c4 b6 3.g3 Bb7 4.Bg2 c5 5.O-O Nf6 6.Nc3 Be7 7.b3 O-O 8.Bb2 d5
9.cxd5 Nxd5 10.Nxd5 Bxd5 11.Qc2  1/2-1/2

[Event "Szeged TT06 IM"]
[Site "Szeged"]
[Date "1998.06.21"]
[Round "4"]
[White "Ianov, Viktor"]
[Black "Revuckij, Vladimir"]
[Result "1-0"]
[WhiteElo "2360"]
[BlackElo "2215"]

1.Nf3 c5 2.g3 b6 3.Bg2 Bb7 4.c4 Nf6 5.O-O e6 6.Nc3 Be7 7.d4 cxd4 8.Qxd4 Nc6
9.Qf4 a6 10.Rd1 d6 11.b3 Qc7 12.Ba3 Rd8 13.Rac1 Ne5 14.Qe3 Ned7 15.Nd4 Bxg2
16.Kxg2 g6 17.Qh6 Ng4 18.Qd2 O-O 19.h3 Ngf6 20.Qe3 Rfe8 21.Kg1 Bf8 22.Qf3 Rc8
23.e3 Be7 24.Qg2 Bf8 25.Rc2 Qb8 26.Bb2 Rc7 27.g4 h6 28.f4 Kh7 29.Rf2 Rc5
30.g5 Nh5 31.Ne4 Rcc8 32.gxh6 Bxh6 33.Nf3 Bf8 34.Rfd2 d5 35.cxd5 exd5 36.Rxd5 Nc5
37.Rxh5+ gxh5  1-0

[Event "Magistral Algarve"]
[Site "Vila Real de Santo Antonio"]
[Date "1998.06.22"]
[Round "4"]
[White "Frois, Antonio"]
[Black "Galego, Luis"]
[Result "0-1"]
[WhiteElo "2385"]
[BlackElo "2445"]

1.Nf3 Nf6 2.c4 c5 3.g3 b6 4.Bg2 Bb7 5.O-O e6 6.Nc3 Be7 7.d4 cxd4 8.Qxd4 d6
9.Rd1 a6 10.b3 Nbd7 11.e4 Qc7 12.Ba3 Nc5 13.e5 dxe5 14.Qxe5 Qxe5 15.Nxe5 Bxg2
16.Kxg2 Rc8 17.Rd4 Rc7 18.Rad1 O-O 19.Bc1 h6 20.Bf4 Rcc8 21.b4 Nb7 22.a3 a5
23.Nd7 axb4 24.Nxf8 bxc3 25.Nd7 Nc5 26.Nxb6 Rc6 27.Rb1 c2 28.Rf1 Rxb6 29.Bc1 Nb3
30.Rd3 Ne4 31.f3 Nec5 32.Rc3 Na1  0-1

[Event "SVK-ch"]
[Site "Prievidza"]
[Date "1998.06.27"]
[Round "1.22"]
[White "Hlavac, Peter"]
[Black "Jakubek, Peter"]
[Result "1/2-1/2"]
[WhiteElo "2050"]
[BlackElo "2260"]

1.Nf3 Nf6 2.c4 e6 3.g3 b6 4.Bg2 Bb7 5.O-O c5 6.d3 Nc6 7.Bg5 Be7 8.Nc3 O-O
9.e4 d6 10.h3 Ne5 11.Ne1 a6 12.f4 Nc6 13.Nc2 Rb8 14.Kh2 Nd4 15.Nxd4 cxd4
16.Ne2 h6 17.Bxf6 Bxf6 18.Rc1 Qd7 19.b4 Rfc8 20.Qb3 Bc6 21.f5 e5 22.Rf2 Bd8
23.h4 Be7 24.f6 Bxf6 25.Bh3 Qe8 26.Bxc8 Rxc8 27.b5 axb5 28.cxb5 Bd7 29.Rxc8 Qxc8
30.Rf1 Qc5 31.a4 Be6 32.Qb2 d5 33.Rc1 Qe7 34.Ng1 g5 35.h5 dxe4 36.dxe4 Qa7
37.Rc6 Be7 38.Qc2 Bc5 39.Nf3 Qb8 40.Rxc5 bxc5 41.Qxc5 f6 42.a5 Qb7 43.Qd6 Kf7
44.b6 Qxe4 45.Qc7+ Ke8 46.b7 Qe2+ 47.Kg1 Qe3+  1/2-1/2

[Event "SVK-ch"]
[Site "Prievidza"]
[Date "1998.07.05"]
[Round "9.31"]
[White "Szamos, Alexander"]
[Black "Schwarz, Dusan"]
[Result "1-0"]
[WhiteElo "2170"]
[BlackElo "2112"]

1.Nf3 Nf6 2.c4 c5 3.g3 b6 4.Bg2 Bb7 5.O-O e6 6.b3 Be7 7.Bb2 d6 8.d4 cxd4
9.Qxd4 Nbd7 10.Nc3 a6 11.e4 Qc7 12.Rfe1 O-O 13.Qd2 Rac8 14.Nd4 Rfe8 15.Rad1 Bf8
16.h3 Qb8 17.f4 Red8 18.Bf3 Nc5 19.Qg2 e5 20.Nc2 g6 21.Nb4 Bg7 22.f5 Qa8
23.g4 g5 24.Bc1 h6 25.h4 a5 26.Nc2 Nh7 27.Ne3 f6 28.Ned5 Bxd5 29.Nxd5 Qb7
30.Qf2 Rd7 31.a3 Rb8 32.b4 axb4 33.axb4 Na6 34.Be3 b5 35.Be2 Nc7 36.cxb5 Nxd5
37.Rxd5 gxh4 38.Qxh4 Ng5 39.Bxg5 hxg5 40.Qf2 Qb6 41.Qxb6 Rxb6 42.Bc4 Kh7
43.Ra1 Bf8 44.Kf2 Rc7 45.Bd3 Kg7 46.Ke2 Be7 47.Ra8 Bf8 48.Kd2 Be7 49.Ra6 Rcb7
50.Rxb6 Rxb6 51.Bc4 Kf8 52.Kc3 Ke8 53.Rd1 Bd8 54.Bd5 Be7 55.Kc4 Rb8 56.Bc6+ Kd8
57.Kd5 Kc7 58.Ke6 Bd8 59.Rxd6 Kb6 60.Rd7 Be7 61.Rxe7 Re8 62.Rxe8  1-0

[Event "MK Cafe Cup-A"]
[Site "Koszalin"]
[Date "1998.08.06"]
[Round "4"]
[White "Malaniuk, Vladimir P"]
[Black "Gipslis, Aivars"]
[Result "1-0"]
[WhiteElo "2590"]
[BlackElo "2450"]

1.Nf3 Nf6 2.c4 c5 3.g3 b6 4.Bg2 Bb7 5.O-O e6 6.Nc3 Be7 7.Re1 Ne4 8.d4 Nxc3
9.bxc3 d6 10.d5 e5 11.e4 O-O 12.a4 Nd7 13.Qc2 a5 14.Nd2 Ba6 15.Qd3 Bg5 16.Nf1 Bxc1
17.Rexc1 Nf6 18.Bh3 g6 19.Rcb1 Rb8 20.Rb2 Nh5 21.Ne3 f5 22.exf5 Bc8 23.Bg4 Nf6
24.f3 h5 25.Bh3 Ne8 26.Rf1 Ng7 27.f4 e4 28.Qxe4 gxf5 29.Qd3 Bd7 30.Ra1 Qf6
31.Ng2 Rfe8 32.Nh4 Re7 33.Bf1 Rbe8 34.Qd2 Re3 35.Bd3 Qd8 36.Kf2 Kf7 37.Qc2 Kf6
38.Ng2 R3e7 39.Rab1 h4 40.Nxh4 Re3 41.Ng2 Qe7 42.Qd2  1-0

[Event "Hans & Lenze"]
[Site "Lippstadt"]
[Date "1998.08.06"]
[Round "8"]
[White "Claesen, Pieter"]
[Black "Matthias, Heiner"]
[Result "1/2-1/2"]
[WhiteElo "2430"]
[BlackElo "2355"]

1.c4 b6 2.Nf3 Bb7 3.g3 e6 4.Bg2 c5 5.O-O Nf6 6.Nc3 Be7 7.d4 cxd4 8.Qxd4 d6
9.Rd1 a6 10.Bg5 Nbd7 11.Qd2 Qc7 12.Bf4 e5 13.Bg5 O-O 14.Rac1 Rac8 15.b3 Qb8
16.Bxf6 Nxf6 17.Nh4 Bxg2 18.Nxg2 Rfd8 19.Ne3 Bf8 20.Ned5 Nd7 21.Ne4 b5 22.Qd3 h6
23.g4 bxc4 24.Rxc4 Rxc4 25.Qxc4 Nb6 26.Qb4 Nxd5 27.Qxb8 Rxb8 28.Rxd5 Rc8
29.a4 Rb8 30.Nd2 g6 31.e4 Be7 32.Rd3 Kg7 33.f3 Kf6 34.Nc4 Ke6 35.Ne3 Rc8
36.Nd5 Rc1+ 37.Kg2 Rc2+ 38.Kg1 Bd8 39.Rc3 Rb2 40.b4 f5 41.gxf5+ gxf5 42.a5 fxe4
43.fxe4 Kd7 44.h3 Re2 45.Rc4 Rb2 46.Kf1 h5 47.Rc3 h4 48.Rc4 Rh2 49.Rc3  1/2-1/2

[Event "North Bay op"]
[Site "North Bay"]
[Date "1998.08.09"]
[Round "9"]
[White "Saleh, Maher"]
[Black "Charbonneau, Pascal"]
[Result "1/2-1/2"]
[WhiteElo "2220"]
[BlackElo "2270"]

1.Nf3 Nf6 2.g3 b6 3.Bg2 Bb7 4.O-O e6 5.c4 c5 6.d4 cxd4 7.Qxd4 d6 8.Nc3 a6
9.b3 Nbd7 10.e4 Be7 11.Bb2 Qc7 12.Rac1 O-O 13.Qe3 Rfe8 14.h3 Rac8 15.Nd4 Bf8
16.Qd2 Qb8 17.f4 Qa8 18.Rfe1 Nc5 19.e5 Bxg2 20.Qxg2 dxe5 21.fxe5 Nd3 22.exf6 Qxg2+
23.Kxg2 Nxb2 24.Re2 Nxc4 25.bxc4 Rxc4 26.Rd2 Rec8 27.Nde2 gxf6 28.Rd4 R8c6
29.a4 f5 30.Na2 Rc2 31.Rxc2 Rxc2 32.Nc3 b5 33.axb5 axb5 34.Kf3 b4 35.Nb1 b3
36.Rd2 Bh6 37.Rd8+ Kg7  1/2-1/2

[Event "FRA-ch"]
[Site "Meribel"]
[Date "1998.08.24"]
[Round "11"]
[White "Prie, Eric"]
[Black "Chomet, Pascal"]
[Result "1/2-1/2"]
[WhiteElo "2465"]
[BlackElo "2405"]

1.Nf3 c5 2.c4 Nf6 3.g3 b6 4.Bg2 Bb7 5.O-O e6 6.Nc3 Nc6 7.d4 Nxd4 8.Nxd4 Bxg2
9.Kxg2 cxd4 10.Qxd4 Qc7 11.f3 Qc5 12.Rd1 Qxd4 13.Rxd4 Rc8 14.Bg5 Bc5 15.Rd3 Bb4
16.Rad1 Bxc3 17.Rxc3 h6 18.Bd2 d6 19.Rcc1 Rc6 20.b4 Ke7 21.b5 Rc7 22.Bb4 Rd8
23.e4 e5 24.f4 Nxe4 25.fxe5 Nc5 26.Rd5 dxe5 27.Rxe5+ Kf6 28.Re3 Kg6 29.a3 Ne6
30.h4 Rd4 31.Rec3 Nc5 32.Kf3 h5 33.Re1 Na4 34.Rc2 Rdxc4 35.Rxc4 Rxc4 36.Re7 Nc3
37.Re5 f6 38.Re7 Nxb5 39.Rd7 Nxa3 40.Bf8 Nb5 41.Rxg7+ Kf5 42.Rh7 Nd4+ 43.Ke3 Ne6
44.Bd6 Re4+ 45.Kf2 Kg4 46.Rxa7 Rd4 47.Bb8 b5 48.Re7 Re4 49.Bd6 Kf5 50.Rb7 Nd4  1/2-1/2

[Event "Herzliya"]
[Site "Herzliya"]
[Date "1998.09.07"]
[Round "2"]
[White "Zifroni, Dov"]
[Black "Hauchard, Arnaud"]
[Result "1/2-1/2"]
[WhiteElo "2505"]
[BlackElo "2500"]

1.Nf3 e6 2.c4 b6 3.g3 Bb7 4.Bg2 c5 5.O-O Nf6 6.Nc3 Be7 7.d4 cxd4 8.Qxd4 d6
9.Bg5 Nbd7 10.Nb5 d5 11.cxd5 Bxd5 12.Nc3 Bc6 13.Rfd1 Qc8 14.Rac1 Qb7 15.b4 a6
16.a4 b5 17.axb5 axb5 18.Qh4 Rc8 19.e4 h6 20.Nd4 Ne5 21.Bxf6 Bxf6 22.Qh5 O-O
23.Qe2 Be7 24.Ncxb5 Bxb5 25.Nxb5 Rxc1 26.Rxc1  1/2-1/2